Od Passatu k Touaregu

Volkswagen na Slovensku prekonal očakávania. Dnes predstavuje pätinu celkovej výroby a štvrtinu exportu slovenského priemyslu. Každý deň tisíc áut.

Saved in:
Bibliographic Details
Main Author: Bautzová, Libuše
Format: Book Chapter
Language:Czech
Subjects:
Tags: Add Tag
No Tags, Be the first to tag this record!

MARC

LEADER 00000naa a2200000 4500
001 r048821
005 20231004071130.3
041 0 |a cze 
044 |a CZ 
245 1 0 |a Od Passatu k Touaregu  |c Libuše Bautzová 
520 |a Volkswagen na Slovensku prekonal očakávania. Dnes predstavuje pätinu celkovej výroby a štvrtinu exportu slovenského priemyslu. Každý deň tisíc áut. 
610 2 0 |a priemysel automobilový 
610 2 0 |a Slovensko 
610 2 0 |a Volkswagen Slovakia, a.s. Bratislava 
100 1 |a Bautzová, Libuše